El club del llibre : Marta Orriols Marta Orriols
Descripción Física:
1 punt de llibre : il. col. ; 23 x 6 cm
Materias:
Barcelona (Catalunya : Província). -- Xarxa de Biblioteques Municipals -- Activitats culturals
; El Club del Llibre
; Punts de llibre
Idioma:
Catalán
MARC
| LEADER | 00000nrm a2200000 a 4500 | ||
|---|---|---|---|
| 001 | 25267 | ||
| 003 | Arxiu | ||
| 005 | 20260324180729.0 | ||
| 008 | 220422b spa||||| |||| 00| 0 cat d | ||
| 017 | |a DL B 12496-2019 | ||
| 245 | |a El club del llibre : |b Marta Orriols | ||
| 260 | |a Barcelona : |b Xarxa de Biblioteques Municipals, |c 2019 | ||
| 300 | |a 1 punt de llibre : |b il. col. ; |c 23 x 6 cm | ||
| 610 | 1 | 0 | |a Barcelona (Catalunya : Província). |b Xarxa de Biblioteques Municipals |9 52699 |x Activitats culturals |
| 610 | 0 | |a El Club del Llibre |9 52651 | |
| 655 | 0 | |a Punts de llibre |9 52700 | |
| 710 | 1 | |a Barcelona (Catalunya : Província). |b Xarxa de Biblioteques Municipals |9 52650 | |
| 942 | |2 udc |c ARXIU |n 1 | ||
| 952 | |0 0 |1 0 |4 0 |6 NBM136 |7 1 |9 61336 |a Arxiu |b Arxiu |d 2022-04-22 |l 0 |o NBM-13-6 |p 25267 |r 2022-04-22 00:00:00 |w 2022-04-22 |y ARXIU | ||
| 999 | |c 81297 |d 81297 | ||